000 00759nam a2200217 a 4500
999 _c7211
_d7211
001 7211
003 BD-JhCC
005 20180206130723.0
008 180206s2007 bg b|||| || | 001 0 ben d
035 _a(BD-JhCC)7211
040 _aBD-JhCC
_dBD-JhCC
041 _aben
082 _a954.92
_bNUR 2007
100 _aনূরুজ্জামান, মোহাম্মদ
245 _aবাংলাদেশের জেলা-উপজেলার নামকরণ ও ঐতিহ্য /
_cমোহাম্মদ নূরুজ্জামান,
260 _aঢাকা :
_bমাওলা ব্রাদার্স,
_c2007
300 _a397 p. :
_c22 cm.
650 _aHeritahe Palce
_zBangladesh
942 _2ddc
_cBK